000 00477nam a22001817a 4500
999 _c16794
_d16794
003 OSt
005 20180409161726.0
008 180409b xxu||||| |||| 00| 0 eng d
020 _a0205420427
040 _cKABU
050 _aRJ 496
_b.L35R44 2005 C.1
100 _aReed, A. Vicki
245 _aAn introduction to children with language disorders;
_cVicki A. Reed
250 _a3rd ed.
260 _aBoston:
_bPearson;
_c2005.
300 _bxvi, 558p.
942 _2lcc
_cBK